00553nam a22001457a 4500003000900000008004100009040007100050082002000121100003300141245004800174260003500222300002700257505010900284650001400393AR-CdUCM190506b           ||||| |||| 00| 0 sap d  aMUNICIPALIDAD PROVINCIAL DEL CUSCOcBIBLIOTECA MUNICIPAL DEL CUSCO  a380.8542 /bG26  aGarcia Vera, José Antonio.  aLos comerciantes trujillanos :b1780-1840 /  aLima :bArtex editores,c1989.  a61 páginas ;c17 cm.  aContenido :Configuración de una clase -- Hacendados comerciantes -- Mujer y producción mercantil ...  aTrujillo.